UNDERSTANDING MEDICAL PHYSIOLOGY; TEXT FOR MEDICAL STUDENTS (Record no. 11804)

MARC details
000 -LEADER
fixed length control field 00448nam a22001697a 4500
003 - CONTROL NUMBER IDENTIFIER
control field OSt
005 - DATE AND TIME OF LATEST TRANSACTION
control field 20211012105111.0
008 - FIXED-LENGTH DATA ELEMENTS--GENERAL INFORMATION
fixed length control field 211012b |||||||| |||| 00| 0 eng d
020 ## - INTERNATIONAL STANDARD BOOK NUMBER
International Standard Book Number 81-8061-221-X
040 ## - CATALOGING SOURCE
Original cataloging agency DDC
Transcribing agency HU
082 ## - DEWEY DECIMAL CLASSIFICATION NUMBER
Edition number 3RD
Classification number 612
Item number 9
100 ## - MAIN ENTRY--PERSONAL NAME
Personal name RL.BIJLANI
9 (RLIN) 12731
245 ## - TITLE STATEMENT
Title UNDERSTANDING MEDICAL PHYSIOLOGY; TEXT FOR MEDICAL STUDENTS
250 ## - EDITION STATEMENT
Edition statement 3RD
260 ## - PUBLICATION, DISTRIBUTION, ETC.
Place of publication, distribution, etc. NEW DELHI
Name of publisher, distributor, etc. JAYPEE BROTHERS LTD
Date of publication, distribution, etc. 2004
942 ## - ADDED ENTRY ELEMENTS (KOHA)
Source of classification or shelving scheme Dewey Decimal Classification
Koha item type Books like text book referance book
Suppress in OPAC No
Holdings
Withdrawn status Lost status Source of classification or shelving scheme Damaged status Not for loan Home library Current library Date acquired Total Checkouts Full call number Barcode Date last seen Copy number Price effective from Koha item type
    Dewey Decimal Classification     College of Medicine and Health’s Sciences Library College of Medicine and Health’s Sciences Library 10/12/2021   612-B5-2004 CMHSL00002799 10/12/2021 1 10/12/2021 Books like text book referance book
    Dewey Decimal Classification     College of Medicine and Health’s Sciences Library College of Medicine and Health’s Sciences Library 10/12/2021   612-B5-2004 CMHSL00002800 10/12/2021 2 10/12/2021 Books like text book referance book
    Dewey Decimal Classification     College of Medicine and Health’s Sciences Library College of Medicine and Health’s Sciences Library 10/12/2021   612-B5-2004 CMHSL00002801 10/12/2021 3 10/12/2021 Books like text book referance book
    Dewey Decimal Classification     College of Medicine and Health’s Sciences Library College of Medicine and Health’s Sciences Library 10/12/2021   612-B5-2004 CMHSL00002802 10/12/2021 4 10/12/2021 Books like text book referance book
    Dewey Decimal Classification     College of Medicine and Health’s Sciences Library College of Medicine and Health’s Sciences Library 10/12/2021   612-B5-2004 CMHSL00002803 10/12/2021 5 10/12/2021 Books like text book referance book
    Dewey Decimal Classification     College of Medicine and Health’s Sciences Library College of Medicine and Health’s Sciences Library 10/12/2021   612-B5-2004 CMHSL00002804 10/12/2021 6 10/12/2021 Books like text book referance book
    Dewey Decimal Classification     College of Medicine and Health’s Sciences Library College of Medicine and Health’s Sciences Library 10/12/2021   612-B5-2004 CMHSL00002805 10/12/2021 7 10/12/2021 Books like text book referance book
    Dewey Decimal Classification     College of Medicine and Health’s Sciences Library College of Medicine and Health’s Sciences Library 10/12/2021   612-B5-2004 CMHSL00002806 10/12/2021 8 10/12/2021 Books like text book referance book
    Dewey Decimal Classification     College of Medicine and Health’s Sciences Library College of Medicine and Health’s Sciences Library 10/12/2021   612-B5-2004 CMHSL00002807 10/12/2021 9 10/12/2021 Books like text book referance book